<?xml version='1.0' encoding='UTF-8'?><?xml-stylesheet href='static/style.xsl' type='text/xsl'?><OAI-PMH xmlns="http://www.openarchives.org/OAI/2.0/" xmlns:xsi="http://www.w3.org/2001/XMLSchema-instance" xsi:schemaLocation="http://www.openarchives.org/OAI/2.0/ http://www.openarchives.org/OAI/2.0/OAI-PMH.xsd"><responseDate>2026-05-02T09:49:19Z</responseDate><request verb="GetRecord" identifier="oai:ebiltegia.mondragon.edu:20.500.11984/3908" metadataPrefix="marc">https://ebiltegia.mondragon.edu/oai/request</request><GetRecord><record><header><identifier>oai:ebiltegia.mondragon.edu:20.500.11984/3908</identifier><datestamp>2024-01-04T21:56:52Z</datestamp><setSpec>com_20.500.11984_1736</setSpec><setSpec>com_20.500.11984_1627</setSpec><setSpec>col_20.500.11984_1972</setSpec></header><metadata><record xmlns="http://www.loc.gov/MARC21/slim" xmlns:dcterms="http://purl.org/dc/terms/" xmlns:xsi="http://www.w3.org/2001/XMLSchema-instance" xmlns:doc="http://www.lyncode.com/xoai" xsi:schemaLocation="http://www.loc.gov/MARC21/slim http://www.loc.gov/standards/marcxml/schema/MARC21slim.xsd">
   <leader>00925njm 22002777a 4500</leader>
   <datafield ind2=" " ind1=" " tag="042">
      <subfield code="a">dc</subfield>
   </datafield>
   <datafield ind2=" " ind1=" " tag="720">
      <subfield code="a">Mondragon Unibertsitatea</subfield>
      <subfield code="e">author</subfield>
   </datafield>
   <datafield ind2=" " ind1=" " tag="260">
      <subfield code="c">2014-05-22</subfield>
   </datafield>
   <datafield ind2=" " ind1=" " tag="520">
      <subfield code="a">Mondragon Unibertsitateko MUkide ikasle ohien elkarteak antolatuta, oraingo larunbatean elkartuko dira 2003-2004 ikasturtean Humanitate eta Hezkuntza Zientzien Fakultatean ikasketak bukatu zituzten ikasle ohiak. Antzinako ikaskideak berriro ikusteaz gain, ekitaldian josoko dute fakultateak bizi izan duen aldaketen berri. Urteurreneko ekitaldia Eskoriatzako campusean egingo da eta 12:00etan hasiko da.</subfield>
   </datafield>
   <datafield ind2=" " ind1=" " tag="520">
      <subfield code="a">MUkide, la asociación de antiguos alumnos y alumnas de Mondragon Unibertsitatea, ha organizado una reunión con objetivo volver reunir en la facultad a todos aquellos estudiantes que finalizaron sus estudios en la Facultad de Humanidades y Ciencias de la Educación en el curso 2003-2004. La cita se llevará a cabo en el campus de Eskoriatza y comenzará a las 12:00 horas.</subfield>
   </datafield>
   <datafield ind1="8" ind2=" " tag="024">
      <subfield code="a">https://www.flickr.com/photos/huhezi/sets/72157644811039772/</subfield>
   </datafield>
   <datafield ind1="8" ind2=" " tag="024">
      <subfield code="a">https://hdl.handle.net/20.500.11984/3908</subfield>
   </datafield>
   <datafield tag="653" ind2=" " ind1=" ">
      <subfield code="a">Humanitate eta Hezkuntza Zientzien Fakultatea</subfield>
   </datafield>
   <datafield ind2="0" ind1="0" tag="245">
      <subfield code="a">Duela 10 urte Humanitate eta Hezkuntza Zientzien Fakultatean ikasketak bukatu zituzten ikasle ohiak elkartuko dira larunbatean Eskoriatzako campusean</subfield>
   </datafield>
   <datafield ind2="0" ind1="0" tag="245">
      <subfield code="a">El campus de Eskoriatza acogerá el próximo sábado la reunión de antiguos alumnos de la Facultad de Humanidades y Ciencias de la Educación licenciados hace una década</subfield>
   </datafield>
</record></metadata></record></GetRecord></OAI-PMH>